Zio Cardellino /

Kaydedildi:
Detaylı Bibliyografya
Yazar: De Crescenzo, Luciano (Yazar)
Materyal Türü: Kitap
Dil:İtalyanca
Baskı/Yayın Bilgisi: Milano : A. Mondadori, 1984
Seri Bilgileri:Oscar ; 1782
Etiketler: Etiketle
Etiket eklenmemiş, İlk siz ekleyin!

MARC

LEADER 00000nam a22000007i 4500
001 IT\ICCU\RAV\0104997
003 ItRI
005 20260115231847.0
008 900706s1984 it |||||| ||||| |||||c
020 |a 880437022X 
040 |b ita  |c importazione bologna sebina 
041 7 |a ita  |2 ISO-639-2 
082 |a 853.914  |9 NARRATIVA ITALIANA. 1945-  |2 20 
100 1 |a De Crescenzo, Luciano  |0 IT\ICCU\CFIV\015843  |4 aut 
240 1 0 |a Zio Cardellino.  |3 IT\ICCU\FOG\0488384  |9 De Crescenzo, Luciano 
245 1 0 |a Zio Cardellino /  |c Luciano De Crescenzo. 
260 |a Milano :  |b A. Mondadori,  |c 1984 
300 |a 154 p. ;  |c 19 cm 
830 0 |a Oscar ;  |v 1782  |0 IT\ICCU\CFI\0000102 
942 |2 ddc  |c BK  |n 0 
952 |0 0  |1 0  |4 0  |6 DOC_853_914000000000000_DEC  |7 0  |9 14478  |a BO  |b BO  |d 2026-01-15  |i 9224  |l 0  |o DOC 853.914 DEC  |p BO9224  |r 2026-01-15 23:18:47  |w 2026-01-15  |x [Sebina 5] [1 v.]  |y BK  |z 1 v. 
999 |c 12491  |d 12491